Estatísticas para TOP 10: Línguas mais faladas no mundo!

Clique aqui para jogar o quiz

Estatísticas Gerais

  • Esse quiz foi jogado 475 vezes
  • A pontuação média é 7 de 10

Estatísticas das Respostas

FalantesLíngua% Correto
508 MiInglês
100%
392 MiEspanhol
98%
273 MiPortuguês
98%
1,2 BiMandarim
96%
155 MiRusso
84%
301 MiÁrabe
82%
130 MiJaponês
77%
200 MiHindi
59%
211 MiBengali
30%
132 MiMalaio
19%

Distribuição das Pontuações

Percentil de Números Respondidos

Porcentagem de Pessoas com Cada Pontuação

Sua Pontuação Histórica

Você não jogou esse quiz